Oscar Hagerman / (Record no. 12197)

MARC details
000 -CABECERA
campo de control de longitud fija 00628nam a2200193zi 4500
003 - IDENTIFICADOR DEL NÚMERO DE CONTROL
campo de control OSt
005 - FECHA Y HORA DE LA ÚLTIMA TRANSACCIÓN
campo de control 20260530113913.0
008 - DATOS DE LONGITUD FIJA--INFORMACIÓN GENERAL
campo de control de longitud fija 260506b2006 spa||||| |||| 00| 0 spa d
040 ## - FUENTE DE LA CATALOGACIÓN
Centro catalogador/agencia de origen ICI
Lengua de catalogación spa
Centro/agencia transcriptor ICI
Normas de descripción rda
041 ## - CÓDIGO DE LENGUA
Código de lengua del texto/banda sonora o título independiente spa
050 00 - SIGNATURA TOPOGRÁFICA DE LA BIBLIOTECA DEL CONGRESO
Número de clasificación NK1414.A1
Número de documento/Ítem H34 1987
100 1# - ENTRADA PRINCIPAL--NOMBRE DE PERSONA
Nombre de persona Hagerman, Oscafr,
Término indicativo de función/relación artista
9 (RLIN) 33703
245 10 - MENCIÓN DE TÍTULO
Título Oscar Hagerman /
Mención de responsabilidad, etc. traducción Florencio Ruiz Maté
300 ## - DESCRIPCIÓN FÍSICA
Extensión [63] páginas :
Otras características físicas ilustraciones, fotos
650 ## - PUNTO DE ACCESO ADICIONAL DE MATERIA--TÉRMINO DE MATERIA
Término de materia o nombre geográfico como elemento de entrada Diseño de muebles
Subdivisión de forma Catálogos
Subdivisión cronológica Siglo XX
9 (RLIN) 33704
650 ## - PUNTO DE ACCESO ADICIONAL DE MATERIA--TÉRMINO DE MATERIA
Término de materia o nombre geográfico como elemento de entrada Arquitectura
Subdivisión de forma Catálogos
Subdivisión cronológica Siglo XX
9 (RLIN) 33705
700 1# - PUNTO DE ACCESO ADICIONAL--NOMBRE DE PERSONA
Nombre de persona Ruiz Maté, Florencio,
Término indicativo de función/relación traductor
9 (RLIN) 33706
942 ## - ELEMENTOS DE PUNTO DE ACCESO ADICIONAL (KOHA)
Fuente del sistema de clasificación o colocación Library of Congress Classification
Tipo de ítem Koha
Suprimir en OPAC 1

No items available.